000 00293nam a22001337a 4500
008 170207b xxu||||| |||| 00| 0 eng d
020 _a139780763745127
041 _aeng
080 _24ED
_a61
100 _a4
101 _aSHM
245 _aDLIVERING HEALTH CARE
_cLEIYU SHI
942 _2udc
_cBK
999 _c4796
_d4796